00921nabaa22002057a 4500999001500000003000400015005001700019008004100036040000700077100003700084245013200121300001500253505013100268505008900399650003200488650002200520650004000542773012000582942001300702 c6132d6132OSt20260122222112.0190701b xxu||||| |||| 00| 0 spa d cPJ 96892aCopelli, María Victoria 10aEl acceso a la justicia en grupos vulnerables : bmigrantes y personas en situación de movilidad /cMaría Victoria Copelli. ap. 226-232 aSumario: I. Introducción.— II. El problema del acceso a la justicia.—III. Trámite migratorio.— IV. Palabras finales. t¿Te interesa el texto completo? Comunicate al correo: koha@justierradelfuego.gov.ar 09211aDERECHO ADMINISTRATIVO 094478aMIGRACIONES 094695aSITUACIÓN DE VULNERABILIDAD0 0284293251dBuenos Aires : AbeledoPerrot, 2012-oDA121tDerecho administrativo. Nº 148 julio/agosto 2023z18510590 2udccANA